<?xml version="1.0" encoding="UTF-8"?>
<record
    xmlns:xsi="http://www.w3.org/2001/XMLSchema-instance"
    xsi:schemaLocation="http://www.loc.gov/MARC21/slim http://www.loc.gov/standards/marcxml/schema/MARC21slim.xsd"
    xmlns="http://www.loc.gov/MARC21/slim">

  <leader>01920nam a2200313uu 4500</leader>
  <controlfield tag="001">1516127</controlfield>
  <controlfield tag="005">20260508093313.0</controlfield>
  <controlfield tag="007">co|||||||</controlfield>
  <controlfield tag="008">190130s2018                        spa  </controlfield>
  <datafield tag="035" ind1=" " ind2=" ">
    <subfield code="a">1516127</subfield>
  </datafield>
  <datafield tag="040" ind1=" " ind2=" ">
    <subfield code="c">comduadb</subfield>
  </datafield>
  <datafield tag="041" ind1=" " ind2=" ">
    <subfield code="a">spa</subfield>
  </datafield>
  <datafield tag="080" ind1=" " ind2=" ">
    <subfield code="a">B</subfield>
  </datafield>
  <datafield tag="100" ind1="1" ind2="0">
    <subfield code="a">Quiroz G&#xF3;mez, Valeria</subfield>
    <subfield code="4">aut</subfield>
    <subfield code="e">aut</subfield>
    <subfield code="9">781054</subfield>
  </datafield>
  <datafield tag="245" ind1="1" ind2="0">
    <subfield code="a">Determinantes del riesgo de la corrupci&#xF3;n en Colombia : un an&#xE1;lisis departamental para 2016</subfield>
  </datafield>
  <datafield tag="260" ind1=" " ind2=" ">
    <subfield code="a">Medell&#xED;n :</subfield>
    <subfield code="b">Autores (as),</subfield>
    <subfield code="c">2018.</subfield>
  </datafield>
  <datafield tag="300" ind1=" " ind2=" ">
    <subfield code="a">1 CD-ROM</subfield>
  </datafield>
  <datafield tag="520" ind1="3" ind2=" ">
    <subfield code="a">Resumen : El presente estudio propone analizar los determinantes del riesgo de corrupci&#xF3;n departamental en Colombia para 2016, por medio de un modelo Logit Multinomial ordenado. Para ello se utiliza un &#xED;ndice como aproximaci&#xF3;n al riesgo de corrupci&#xF3;n: el &#xCD;ndice de Transparencia Departamental, que est&#xE1; dividido ordenadamente por categor&#xED;as (bajo, moderado, medio, alto y muy alto). Cabe destacar que ning&#xFA;n departamento de Colombia se encuentra en el nivel bajo. Adem&#xE1;s, se estudian variables que pueden afectar la probabilidad de que un departamento aumente su nivel de riesgo de corrupci&#xF3;n, como lo son: la educaci&#xF3;n, el producto interno bruto departamental, pobreza monetaria, el tama&#xF1;o del Estado y las regal&#xED;as que recibe cada departamento. En conclusi&#xF3;n, aunque el fen&#xF3;meno de la corrupci&#xF3;n est&#xE9; presente en todos los departamentos, mayor pobreza monetaria aumentar&#xED;a el riesgo de corrupci&#xF3;n departamental.</subfield>
  </datafield>
  <datafield tag="650" ind1=" " ind2="7">
    <subfield code="a">Corrupci&#xF3;n</subfield>
    <subfield code="z">Colombia</subfield>
    <subfield code="2">lemb</subfield>
    <subfield code="9">18146</subfield>
  </datafield>
  <datafield tag="650" ind1=" " ind2=" ">
    <subfield code="a">Transparencia en el gobierno</subfield>
    <subfield code="9">201257</subfield>
  </datafield>
  <datafield tag="650" ind1=" " ind2=" ">
    <subfield code="a">&#xCD;ndice de transparencia</subfield>
    <subfield code="9">169998</subfield>
  </datafield>
  <datafield tag="650" ind1=" " ind2="7">
    <subfield code="a">Modelos econom&#xE9;tricos</subfield>
    <subfield code="2">Lemb</subfield>
    <subfield code="9">1013</subfield>
  </datafield>
  <datafield tag="700" ind1="1" ind2="0">
    <subfield code="a">Arroyo Perea, Miguel Dar&#xED;o</subfield>
    <subfield code="4">aut</subfield>
    <subfield code="e">aut</subfield>
    <subfield code="9">778703</subfield>
  </datafield>
  <datafield tag="700" ind1="1" ind2="0">
    <subfield code="a">Ceballos G&#xF3;mez , Cristian Augusto</subfield>
    <subfield code="4">aut</subfield>
    <subfield code="e">aut</subfield>
    <subfield code="9">780680</subfield>
  </datafield>
  <datafield tag="700" ind1="1" ind2="0">
    <subfield code="a">Gallego Duque, Liliana Maria</subfield>
    <subfield code="4">ths</subfield>
    <subfield code="e">ths</subfield>
    <subfield code="9">355388</subfield>
  </datafield>
  <datafield tag="942" ind1=" " ind2=" ">
    <subfield code="c">TESIS</subfield>
  </datafield>
  <datafield tag="999" ind1=" " ind2=" ">
    <subfield code="c">794385</subfield>
    <subfield code="d">794385</subfield>
  </datafield>
  <datafield tag="502" ind1=" " ind2=" ">
    <subfield code="b">62</subfield>
    <subfield code="c">9</subfield>
  </datafield>
  <datafield tag="526" ind1=" " ind2=" ">
    <subfield code="a">62</subfield>
  </datafield>
  <datafield tag="952" ind1=" " ind2=" ">
    <subfield code="0">0</subfield>
    <subfield code="1">0</subfield>
    <subfield code="4">0</subfield>
    <subfield code="7">0</subfield>
    <subfield code="8">DIGITAL</subfield>
    <subfield code="a">CIE</subfield>
    <subfield code="b">CIE</subfield>
    <subfield code="d">2019-01-30</subfield>
    <subfield code="i">C1304710</subfield>
    <subfield code="l">0</subfield>
    <subfield code="o">B/15394 CD-ROM</subfield>
    <subfield code="p">61000004745243</subfield>
    <subfield code="r">2023-05-04 00:00:00</subfield>
    <subfield code="t">1</subfield>
    <subfield code="w">2023-05-04</subfield>
    <subfield code="y">DIGITAL</subfield>
  </datafield>
</record>
